Państwa z literami P,O,L,S,K,A - Statystyki

Ogólne statystyki
  • Ten quiz został rozwiązany 53 razy
    40 od ostatniego zresetowania
  • Średni wynik to 20 z 66
Statystyki odpowiedzi
Hint Odpowiedź % Poprawnych
6 Polska
78%
3 Stany Zjednoczone
69%
3 Wielka Brytania
63%
3 Portugalia
59%
3 Arabia Saudyjska
56%
4 Pakistan
56%
3 Australia
50%
5 Republika Południowej Afryki
50%
4 Zjednoczone Emiraty Arabskie
50%
4 Korea Północna
47%
4 Korea Południowa
47%
3 Uzbekistan
47%
5 Demokratyczna Republika Konga
44%
3 Rosja
44%
3 Japonia
41%
3 Hiszpania
38%
3 Kazachstan
34%
3 Kirgistan
34%
6 Republika Środkowoafrynańska
34%
4 Sierra Leone
34%
3 Słowacja
34%
3 Słowenia
34%
3 Tadżykistan
34%
3 Turkmenistan
34%
3 Wybrzeże Kości Słoniowej
34%
5 Wyspy Salomona
34%
3 Bangladesz
31%
4 Kolumbia
31%
3 Nowa Zelandia
31%
3 Saint Lucia
31%
5 Wyspy Marshalla
31%
3 Holandia
28%
3 Maroko
28%
3 Papua Nowa Gwinea
28%
3 Saint Kitts i Nevis
28%
4 Somalia
28%
4 Sri Lanka
28%
4 Laos
25%
3 Luksemburg
25%
3 Macedonia Północna
25%
3 San Marino
25%
4 Sudan Południowy
25%
3 Islandia
22%
4 Kostaryka
22%
3 Madagaskar
22%
3 Mikronezja
22%
3 Mongolia
22%
3 Singapur
22%
3 Dominika
19%
3 Dominikana
19%
3 Nepal
19%
3 Palau
19%
3 Salwador
19%
3 Senegal
19%
5 Wyspy Świętego Tomasza i Księżyca
19%
3 Barbados
16%
3 Burkina Faso
16%
3 Honduras
16%
3 Monako
16%
3 Etiopia
13%
3 Gwinea Równikowa
13%
3 Lesotho
13%
3 Mozambik
13%
3 Samoa
13%
6 Wyspy Zielonego Przylądka
9%
3 Boliwia
6%
Nie znaleziono quizów pasujących do podanych kryteriów
Rozkład punktacji
Procent ludzi z każdym wynikiem
Percentyl według liczby udzielonych odpowiedzi
Twoja historia wyników
Nie rozwiązałeś tego quizu od ostatniego zresetowania